Gendered inequalities in paid and unpaid work of women in India (Record no. 394613)
[ view plain ]
| 000 -LEADER | |
|---|---|
| fixed length control field | 00560 a2200205 4500 |
| 005 - DATE & TIME | |
| control field | 20260121103532.0 |
| 008 - FIXED-LENGTH DATA ELEMENTS--GENERAL INFORMATION | |
| fixed length control field | 260120b |||||||| |||| 00| 0 eng d |
| 020 ## - ISBN | |
| International Standard Book Number | 9789819974870 |
| Price | Rs. 1995.00 |
| 040 ## - CATALOGING SOURCE | |
| Original cataloging agency | VIVEKANANDA LIBRARY |
| 082 ## - DDC NUMBER | |
| Classification number | 305.420954 |
| Book Number | P272G |
| 100 ## - MAIN ENTRY--PERSONAL NAME | |
| Personal name | Patel, Vibhuti, ed. |
| 245 ## - TITLE STATEMENT | |
| Title | Gendered inequalities in paid and unpaid work of women in India |
| 260 ## - PUBLICATION, DISTRIBUTION, ETC. (IMPRINT) | |
| Name of publisher, distributor, etc | Springer |
| Date of publication, distribution, etc | 2024 |
| Place of publication, distribution, etc | Singapore |
| 300 ## - PHYSICAL DESCRIPTION | |
| Pages | xx, 277 |
| 650 ## - Subject | |
| Subject | Sociology |
| 650 ## - Subject | |
| Subject | Social Groups |
| 650 ## - Subject | |
| Subject | Women- India |
| 700 ## - Added Entry Personal Name | |
| Added Entry Personal Name | Mondal, Nandita, ed. |
| 942 ## - ADDED ENTRY ELEMENTS (KOHA) | |
| Koha item type | Books |
| Withdrawn status | Lost status | Source of classification or shelving scheme | Damaged status | Not for loan | Location (home branch) | Sublocation or collection (holding branch) | Shelving location | Date acquired | Koha issues (times borrowed) | Koha full call number | Accession No. | Koha date last seen | Koha item type |
|---|---|---|---|---|---|---|---|---|---|---|---|---|---|
| Dewey Decimal Classification | VIVEKANANDA LIBRARY | VIVEKANANDA LIBRARY | Vivekananda Library | 16/12/2025 | 305.420954 P272G | 443700 | 16/12/2025 | Books |
